Music Quiz

Random Music Quiz

Black Veil Brides- Devil's Choir Quiz Stats

 Plays Quiz not verified by Sporcle

Challenge
Share
Tweet
Embed
Score 0/167 Timer 10:00
0 Plays Today
Lyrics % Correct
you
94%
you
94%
you
94%
you
94%
you
94%
you
94%
you
94%
you
94%
you
94%
you
94%
you
94%
you
94%
you
94%
devil's
92.5%
devil's
92.5%
devil's
92.5%
devil's
92.5%
devil's
92.5%
devil's
92.5%
devil's
92.5%
devil's
92.5%
devil's
92.5%
choir
91.8%
choir
91.8%
choir
91.8%
choir
91.8%
choir
91.8%
choir
91.8%
to
91%
to
91%
the
91%
to
91%
the
91%
to
91%
the
91%
to
91%
the
91%
for
88.1%
my
88.1%
My
88.1%
My
88.1%
my
88.1%
my
88.1%
My
88.1%
My
88.1%
My
88.1%
My
88.1%
I'll
87.3%
I'll
87.3%
I'll
87.3%
I'll
87.3%
I'll
87.3%
I'll
87.3%
so
86.6%
desire
86.6%
in
86.6%
Lyrics % Correct
desire
86.6%
desire
86.6%
desire
86.6%
in
86.6%
desire
86.6%
in
86.6%
desire
86.6%
desire
86.6%
desire
86.6%
desire
86.6%
carry
85.8%
life
85.8%
carry
85.8%
life
85.8%
carry
85.8%
life
85.8%
carry
85.8%
carry
85.8%
life
85.8%
carry
85.8%
been
85.1%
long
85.1%
When
85.1%
When
85.1%
When
85.1%
still
84.3%
darkest
84.3%
darkest
84.3%
darkest
84.3%
You've
83.6%
breathing
83.6%
find
83.6%
of
83.6%
this
83.6%
sings
83.6%
fire
83.6%
of
83.6%
this
83.6%
sings
83.6%
fire
83.6%
sings
83.6%
fire
83.6%
running
82.8%
song
82.8%
from
82.8%
from
82.8%
from
82.8%
on
82.1%
F.E.A.R
82.1%
F.E.A.R
82.1%
F.E.A.R
82.1%
you're
81.3%
you're
81.3%
you're
81.3%
a
80.6%
worth
80.6%
Lyrics % Correct
singing
80.6%
through
80.6%
away
80.6%
A
80.6%
a
80.6%
a
80.6%
through
80.6%
away
80.6%
through
80.6%
away
80.6%
Every
79.9%
won't
79.9%
won't
79.9%
won't
79.9%
Hoping
79.1%
steal
79.1%
broken
79.1%
promise
79.1%
promise
79.1%
steal
79.1%
steal
79.1%
soon
78.4%
what
78.4%
burns
78.4%
what
78.4%
burns
78.4%
what
78.4%
burns
78.4%
I
77.6%
reading
76.9%
hope
76.9%
another
76.1%
glass
76.1%
failure
76.1%
losing
75.4%
chapter
74.6%
they're
74.6%
feeling
74.6%
slowly
73.9%
simple
73.9%
crimson
73.9%
savior
73.9%
isn't
73.9%
bleeding
73.1%
look
73.1%
pain
73.1%
into
72.4%
Raise
71.6%
Take
71.6%
choirs
70.9%
leaving
70.9%
choirs
70.9%
choirs
70.9%
note
70.1%
But
70.1%

You're not logged in!

Compare scores with friends on all Sporcle quizzes.
OR
Log In

You Might Also Like...

Show Comments

Extras

Created Mar 31, 2015ReportNominate
Tags:black, bride, choir, devil

Top Quizzes Today


Score Distribution

Your Account Isn't Verified!

In order to create a playlist on Sporcle, you need to verify the email address you used during registration. Go to your Sporcle Settings to finish the process.

Report this User

Report this user for behavior that violates our Community Guidelines.

Details: